[Event "Sarajevo Bosna op 45th"]
[Site "Sarajevo"]
[Date "2015.06.02"]
[Round "6"]
[White "Zlobec, Srdjan"]
[Black "Gavranovic, Tahir"]
[Result "1/2-1/2"]
[WhiteElo "2061"]
[BlackElo "1889"]
[PlyCount "121"]
[EventDate "2015.05.30"]
[EventType "swiss"]
[EventRounds "9"]
[EventCountry "BIH"]
[SourceTitle "CBM 166 Extra"]
[Source "ChessBase"]
[SourceDate "2015.06.18"]
[SourceVersion "1"]
[SourceVersionDate "2015.06.18"]
[SourceQuality "1"]

1. d4 g6 2. Nf3 Bg7 3. Bf4 c5 4. e3 Nf6 5. c3 cxd4 6. exd4 d6 7. Nbd2 0-0 8. Be2 Nc6 9. 0-0 Nh5 10. Be3 e5 11. dxe5 dxe5 12. Bc5 Re8 13. Ne4 Nf4 14. Bb5 Bg4 15. Qxd8 Rexd8 16. Nfd2 a6 17. Bxc6 bxc6 18. f3 Be6 19. Rfd1 Nd3 20. Ba3 Rab8 21. b3 h6 22. Nc5 Nxc5 23. Bxc5 f5 24. Nf1 e4 25. Bd4 exf3 26. gxf3 f4 27. Bxg7 Kxg7 28. Kf2 Bf5 29. Rac1 a5 30. Rd4 Rxd4 31. cxd4 a4 32. Nd2 axb3 33. axb3 Rb6 34. Rc3 Ra6 35. Ke2 g5 36. Rc5 Kg6 37. b4 Rb6 38. Nc4 Rxb4 39. Rxc6+ Kh5 40. d5 Rb3 41. Nd6 Re3+ 42. Kf2 Bg6 43. Nc4 Rc3 44. Ne5 Rxc6 45. dxc6 Bf5 46. c7 Kh4 47. Nf7 h5 48. Nd6 Bd7 49. c8Q Bxc8 50. Nxc8 Kh3 51. Kg1 g4 52. Nd6 g3 53. Ne4 gxh2+ 54. Kh1 h4 55. Nd2 Kg3 56. Nf1+ Kxf3 57. Nxh2+ Kf2 58. Ng4+ Kg3 59. Ne5 h3 60. Kg1 h2+ 61. Kh1 1/2-1/2

[Event "Sarajevo Bosna op 45th"]
[Site "Sarajevo"]
[Date "2015.06.01"]
[Round "4"]
[White "Zlobec, Srdjan"]
[Black "Ivanov, Mikhail M"]
[Result "0-1"]
[WhiteElo "2061"]
[BlackElo "2384"]
[PlyCount "82"]
[EventDate "2015.05.30"]
[EventType "swiss"]
[EventRounds "9"]
[EventCountry "BIH"]
[SourceTitle "CBM 166 Extra"]
[Source "ChessBase"]
[SourceDate "2015.06.18"]
[SourceVersion "1"]
[SourceVersionDate "2015.06.18"]
[SourceQuality "1"]

1. d4 g6 2. Nf3 Bg7 3. Bf4 f5 4. e3 Nf6 5. h3 0-0 6. Be2 d6 7. 0-0 Nc6 8. c4 Ne4 9. Nc3 Nxc3 10. bxc3 e5 11. Bh2 Qe7 12. Rb1 e4 13. Ne1 b6 14. Nc2 Na5 15. Nb4 Bb7 16. Qd2 Rad8 17. d5 Qf6 18. Rbc1 Rde8 19. Rfe1 g5 20. f3 Bc8 21. fxe4 Rxe4 22. Bd3 Ree8 23. Rf1 Kh8 24. Bg3 Re7 25. e4 f4 26. Bf2 g4 27. hxg4 Qg5 28. Nc2 Qxg4 29. Nd4 Be5 30. Qe2 Qg7 31. Bh4 Ree8 32. Qf2 Nb7 33. Nf5 Bxf5 34. exf5 Nc5 35. Bc2 Qh6 36. Rce1 Rg8 37. f6 Rg4 38. f7 Rf8 39. Be7 Rxf7 40. Bd8 f3 41. g3 Qh3 0-1

[Event "BIH-chT 13th"]
[Site "Neum"]
[Date "2014.06.14"]
[Round "8.2"]
[White "Kurajica, Bojan"]
[Black "Zlobec, Srdjan"]
[Result "1-0"]
[WhiteElo "2493"]
[BlackElo "2068"]
[PlyCount "111"]
[EventDate "2014.06.07"]
[EventType "team-tourn"]
[EventRounds "9"]
[EventCountry "BIH"]
[SourceTitle "CBM 160 Extra"]
[Source "ChessBase"]
[SourceDate "2014.07.01"]
[SourceVersion "1"]
[SourceVersionDate "2014.07.01"]
[SourceQuality "1"]
[WhiteTeam "Siroki Brijeg"]
[BlackTeam "Sarajevo Alpong"]
[WhiteTeamCountry "BIH"]
[BlackTeamCountry "BIH"]

1. Nf3 Nf6 2. d4 g6 3. g3 Bg7 4. Bg2 0-0 5. 0-0 d6 6. c4 c5 7. b3 Nc6 8. Bb2 cxd4 9. Nxd4 Bd7 10. Qd2 Nxd4 11. Bxd4 Bc6 12. Nc3 Qa5 13. Rad1 Qh5 14. f3 Nd7 15. Bxg7 Kxg7 16. f4 Qc5+ 17. Kh1 Nf6 18. e4 a6 19. Rc1 Rac8 20. Qb2 Kg8 21. Rfd1 Qh5 22. a4 Ng4 23. h3 Nf6 24. Qf2 Nd7 25. b4 b6 26. Nd5 Bxd5 27. cxd5 a5 28. bxa5 bxa5 29. Rxc8 Rxc8 30. Qa7 Nc5 31. Qxe7 Nd3 32. g4 Qh6 33. Rf1 Nxf4 34. Qf6 Nxg2 35. Qxf7+ Kh8 36. Qf6+ Qg7 37. Kxg2 Rc2+ 38. Kg1 Qxf6 39. Rxf6 Rc4 40. Re6 Rxa4 41. Kf2 g5 42. Ke3 Ra3+ 43. Kd4 Ra4+ 44. Kd3 Ra3+ 45. Kc4 Rxh3 46. Rxd6 Kg7 47. e5 a4 48. Rd7+ Kf8 49. d6 a3 50. e6 Re3 51. Kd5 a2 52. Ra7 Re2 53. Ra8+ Kg7 54. d7 h5 55. e7 Rxe7 56. d8Q 1-0

[Event "Sarajevo Bosna op-B 43rd"]
[Site "Sarajevo"]
[Date "2013.06.03"]
[Round "4"]
[White "Gromovs, Sergejs"]
[Black "Zlobec, Srdjan"]
[Result "1-0"]
[WhiteElo "2198"]
[BlackElo "2045"]
[PlyCount "67"]
[EventDate "2013.06.01"]
[EventType "swiss"]
[EventRounds "9"]
[EventCountry "BIH"]
[SourceTitle "CBM 154 Extra"]
[Source "ChessBase"]
[SourceDate "2013.06.25"]
[SourceVersion "2"]
[SourceVersionDate "2013.06.25"]
[SourceQuality "1"]

1. d4 Nf6 2. c4 c5 3. d5 b5 4. g3 d6 5. Bg2 g6 6. e4 Bg7 7. h3 0-0 8. Ne2 bxc4 9. 0-0 Nbd7 10. f4 Rb8 11. Nbc3 Ne8 12. g4 Nc7 13. Qc2 e6 14. Bd2 Bb7 15. Rad1 exd5 16. exd5 a6 17. a4 a5 18. f5 Ne5 19. g5 gxf5 20. Ng3 Bc8 21. Nxf5 Nd3 22. Ne4 Bxf5 23. Rxf5 Rxb2 24. Qxc4 Ne5 25. Qf1 Kh8 26. Bxa5 Qe7 27. Bc3 Rb3 28. Kh1 Ne8 29. a5 f6 30. gxf6 Nxf6 31. Bxe5 dxe5 32. d6 Qd8 33. Nxc5 Rb2 34. Ne6 1-0

[Event "Sarajevo Bosna op-B 42nd"]
[Site "Sarajevo"]
[Date "2012.05.10"]
[Round "8"]
[White "Zlobec, Srdjan"]
[Black "Pestek, Elvis"]
[Result "1/2-1/2"]
[WhiteElo "2085"]
[BlackElo "1996"]
[PlyCount "70"]
[EventDate "2012.05.05"]
[EventType "swiss"]
[EventRounds "9"]
[EventCountry "BIH"]
[SourceTitle "CBM 148 Extra"]
[Source "ChessBase"]
[SourceDate "2012.06.22"]
[SourceVersion "1"]
[SourceVersionDate "2012.06.22"]
[SourceQuality "1"]

1. c4 Nf6 2. Nc3 e6 3. Nf3 d5 4. d4 c6 5. e3 Nbd7 6. Bd3 Bd6 7. 0-0 0-0 8. Qc2 h6 9. Rd1 Re8 10. e4 dxe4 11. Nxe4 Nxe4 12. Bxe4 Nf6 13. Bd3 Qc7 14. Bd2 e5 15. dxe5 Bxe5 16. Nxe5 Qxe5 17. Re1 Qd6 18. Rxe8+ Nxe8 19. c5 Qd4 20. Bh7+ Kh8 21. Bc3 Qg4 22. Be4 Be6 23. Bf3 Qg5 24. Rd1 Nc7 25. Qd2 Qxd2 26. Rxd2 Bd5 27. Bg4 Re8 28. h3 Kg8 29. Ba5 Ne6 30. Bxe6 Rxe6 31. a3 Kf8 32. Bc7 g6 33. Kh2 h5 34. h4 Re4 35. f4 Ke7 1/2-1/2

[Event "Sarajevo Bosna op-B 42nd"]
[Site "Sarajevo"]
[Date "2012.05.08"]
[Round "5"]
[White "Sikiric, Halid"]
[Black "Zlobec, Srdjan"]
[Result "0-1"]
[WhiteElo "1816"]
[BlackElo "2085"]
[PlyCount "84"]
[EventDate "2012.05.05"]
[EventType "swiss"]
[EventRounds "9"]
[EventCountry "BIH"]
[SourceTitle "CBM 148 Extra"]
[Source "ChessBase"]
[SourceDate "2012.06.22"]
[SourceVersion "1"]
[SourceVersionDate "2012.06.22"]
[SourceQuality "1"]

1. e4 c5 2. b4 cxb4 3. d4 d5 4. exd5 Qxd5 5. c4 bxc3 6. Nxc3 Qd8 7. Bc4 Nf6 8. Nf3 e6 9. 0-0 Be7 10. Bf4 0-0 11. Qe2 Nc6 12. Rad1 Nb4 13. Be5 Nbd5 14. Ne4 Nxe4 15. Qxe4 f6 16. Bd3 f5 17. Qe1 Bb4 18. Qe2 Bd7 19. h4 Be7 20. Rc1 Bxh4 21. g3 Bg5 22. Rce1 Bh6 23. Nh4 Qg5 24. Bc4 Bc6 25. Ng2 Qg4 26. Qxg4 fxg4 27. Be2 Nf6 28. Bxf6 Rxf6 29. Bxg4 Bd5 30. a3 Rc8 31. f4 Rg6 32. Ne3 Rc3 33. Kf2 Rxe3 34. Rxe3 Rxg4 35. Re5 Rg6 36. Rc1 Bc6 37. Rcc5 Rf6 38. Ke3 g6 39. Rc3 Bf8 40. Kf2 Bd6 41. Re1 g5 42. d5 exd5 0-1

[Event "Sarajevo Bosna op 41st"]
[Site "Sarajevo"]
[Date "2011.05.05"]
[Round "3"]
[White "Zlobec, Srdjan"]
[Black "Bejtovic, Jasmin"]
[Result "0-1"]
[WhiteElo "2153"]
[BlackElo "2413"]
[PlyCount "150"]
[EventDate "2011.05.03"]
[EventType "swiss"]
[EventRounds "9"]
[EventCountry "BIH"]
[SourceTitle "CBM 142 Extra"]
[Source "ChessBase"]
[SourceDate "2011.06.27"]
[SourceVersion "1"]
[SourceVersionDate "2011.06.27"]
[SourceQuality "1"]

1. d4 Nf6 2. Nf3 g6 3. Bf4 Bg7 4. h3 d6 5. e3 0-0 6. Be2 c5 7. c3 Be6 8. Qa4 Nbd7 9. 0-0 Nb6 10. Qd1 Nbd5 11. Bh2 Qb6 12. Qc1 Rfc8 13. dxc5 Qxc5 14. Nd4 Bd7 15. Bf3 Rab8 16. Nd2 b5 17. Qd1 Nb6 18. Qe2 Na4 19. N2b3 Qc4 20. Qd2 e5 21. Nc2 Qc7 22. Nb4 Rb6 23. Rfd1 Be6 24. Rab1 Bf5 25. Rbc1 Qe7 26. Nd5 Nxd5 27. Bxd5 Rcb8 28. Bg3 Ra6 29. c4 b4 30. e4 Bc8 31. f3 Nb6 32. Ra1 Nxd5 33. Qxd5 Be6 34. Qd3 Rc6 35. Nd2 Bh6 36. b3 a5 37. Nf1 a4 38. Bf2 Ra8 39. Ne3 Qg5 40. Kf1 Rca6 41. Rab1 axb3 42. axb3 Ra2 43. Nc2 Qd8 44. c5 Qc8 45. c6 Qxc6 46. Nxb4 Rxf2+ 47. Kxf2 Qc5+ 48. Kf1 Qxb4 49. Qxd6 Qc3 50. Qd3 Qc8 51. Rb2 Bf8 52. Kg1 Bc5+ 53. Kh2 Bd4 54. Rbb1 Ra3 55. Qb5 Ra2 56. Rbc1 Qd8 57. Qd3 Ra3 58. Rb1 Qb8 59. Rdc1 h5 60. Qe2 Rxb3 61. Rxb3 Qxb3 62. Qc2 Qe3 63. Rb1 Qf4+ 64. Kh1 Qg3 65. Qd2 Bxh3 66. gxh3 Qxh3+ 67. Qh2 Qxf3+ 68. Qg2 Qf4 69. Qe2 Be3 70. Rb4 Qh4+ 71. Kg2 Qg5+ 72. Kh3 Qg1 73. Qf3 Bf4 74. Rb2 g5 75. Rg2 Qh1+ 0-1

[Event "Sarajevo Bosna op 41st"]
[Site "Sarajevo"]
[Date "2011.05.04"]
[Round "2"]
[White "Grahovac, Danijel"]
[Black "Zlobec, Srdjan"]
[Result "0-1"]
[WhiteElo "1963"]
[BlackElo "2153"]
[PlyCount "106"]
[EventDate "2011.05.03"]
[EventType "swiss"]
[EventRounds "9"]
[EventCountry "BIH"]
[SourceTitle "CBM 142 Extra"]
[Source "ChessBase"]
[SourceDate "2011.06.27"]
[SourceVersion "1"]
[SourceVersionDate "2011.06.27"]
[SourceQuality "1"]

1. d4 Nf6 2. c4 c5 3. dxc5 e6 4. Nf3 Bxc5 5. Nc3 0-0 6. Bg5 Nc6 7. e3 h6 8. Bh4 g5 9. Bg3 d5 10. cxd5 exd5 11. Bb5 d4 12. exd4 Nxd4 13. Nxd4 Bxd4 14. 0-0 Bg4 15. Qb3 Rc8 16. Be2 Qb6 17. Qxb6 Bxb6 18. Bxg4 Nxg4 19. h3 Nf6 20. Rfe1 Rfe8 21. Rad1 Ba5 22. Rxe8+ Rxe8 23. Kf1 Bxc3 24. bxc3 Ne4 25. Rd3 Nxg3+ 26. Rxg3 Re6 27. f4 Rf6 28. Rf3 gxf4 29. g3 Ra6 30. Rxf4 Rxa2 31. Ke1 Kg7 32. h4 b5 33. Kd1 Rg2 34. Rf3 f6 35. h5 a6 36. Rd3 Kf7 37. Rd6 Rxg3 38. Rxa6 Rg5 39. Ra7+ Ke6 40. Ra6+ Kf5 41. Rb6 Kg4 42. Rxf6 Kxh5 43. Kc2 Re5 44. Rf1 Kg6 45. Kb3 h5 46. Kb4 h4 47. Rh1 Kh5 48. c4 bxc4 49. Kxc4 Kg4 50. Kd4 Re8 51. Rg1+ Kf3 52. Rg7 Rd8+ 53. Ke5 Rh8 0-1

[Event "Sarajevo Bosna op 41st"]
[Site "Sarajevo"]
[Date "2011.05.03"]
[Round "1"]
[White "Zlobec, Srdjan"]
[Black "Solak, Dragan"]
[Result "0-1"]
[WhiteElo "2153"]
[BlackElo "2588"]
[PlyCount "92"]
[EventDate "2011.05.03"]
[EventType "swiss"]
[EventRounds "9"]
[EventCountry "BIH"]
[SourceTitle "CBM 142 Extra"]
[Source "ChessBase"]
[SourceDate "2011.06.27"]
[SourceVersion "1"]
[SourceVersionDate "2011.06.27"]
[SourceQuality "1"]

1. d4 g6 2. Nf3 Bg7 3. Bf4 Nf6 4. e3 0-0 5. h3 d6 6. Be2 c5 7. c3 Be6 8. Qa4 Nc6 9. Nbd2 a6 10. 0-0 b5 11. Qd1 Qb6 12. Ng5 Bd7 13. Nge4 cxd4 14. Nxf6+ Bxf6 15. cxd4 Bg7 16. Ne4 Rac8 17. Qd2 Bf5 18. Ng3 Bd7 19. Ne4 h6 20. Rac1 Bf5 21. Nc3 e5 22. Nd5 Qb7 23. dxe5 dxe5 24. Bg3 Nd4 25. Nb4 Nxe2+ 26. Qxe2 a5 27. Nd3 Qd5 28. Rcd1 Qxa2 29. Nxe5 Qb3 30. Rd2 Rfe8 31. Nf3 Rc2 32. Rxc2 Bxc2 33. Rc1 Bd3 34. Qe1 Qxb2 35. Rc7 a4 36. Qa5 a3 37. Ra7 b4 38. Bd6 Bc4 39. Bxb4 a2 40. Nd4 Qc1+ 41. Kh2 Be5+ 42. f4 Bxd4 43. exd4 Qxf4+ 44. Kh1 Re2 45. Qd8+ Kh7 46. Qa8 Rf2 0-1